00514nam a2200193 a 4500001001300000003000900013005001700022008004100039020000900080082001500089100001600104245006100120260002500181300000900206500003500215505001900250650003500269700001600304nice12345678IN_TiNIC20260116013303.0050524s1997 dela grp 000 0 eng  ac7400a291.2bGEO aGeorge, N V aDoctrine of Incarnation in Vaishnavism and Christianity. aDelhi bISPCK c1997 a181p aincludes index and biblioraphy2 aNine Pamphlets aComparative Religion-Doctrines1 aGeorge, N V